Paroles - Nekfeu - Risibles amours - Statistiques

Statistiques générales
  • Ce quiz a été pris 2 906 fois
    2 639 depuis la dernière actualisation
  • Le résultat moyen est 438 sur 656
Statistiques - réponses
Paroles % Correct
a
99%
à
99%
Je
97%
je
97%
"je"
97%
la
96%
là ?"
96%
me
96%
le
95%
que
95%
se
95%
m'a
94%
ne
94%
de
93%
De
93%
et
93%
Et
93%
au
92%
Au
92%
les
92%
Pour
92%
pour
92%
quand
92%
son
92%
un
91%
du
90%
en
90%
jamais
90%
peau
90%
tout
90%
bien
89%
être
89%
garçon
89%
peu
89%
seul
89%
su
89%
aussi
88%
bat
88%
ce
88%
Ce
88%
fête
88%
fille
88%
peut
88%
plein
88%
sens
88%
des
87%
Des
87%
moi
87%
moi ?
87%
vie
87%
Elle
86%
elle
86%
elle,
86%
j'ai
86%
J'ai
86%
Mais
85%
mais
85%
mais,
85%
sauf
85%
filles,
84%
filles
84%
tu
84%
Tu
84%
"tu"
84%
ces
83%
dit
83%
dit :
83%
marcher
83%
pas
83%
te
83%
séduire
82%
"c'est
81%
c'est
81%
fait
81%
amour
80%
ça
80%
Évidemment,
80%
sur
80%
Sur
80%
ta
80%
d'un
79%
vide
79%
tes
78%
"t'es
78%
"T'es
78%
t'es
78%
On
77%
on
77%
l'effet
76%
Le Pen
75%
c'était
74%
crois,
74%
mes
74%
cause
73%
pleurs
73%
vois
73%
dans
72%
Dans
72%
d'avant
72%
envies
72%
froid"
72%
mon
72%
joue
71%
lui
71%
Cette
70%
cette
70%
fais
70%
noir
70%
ai
69%
deux
68%
donc
68%
Donc,
68%
l'amour
68%
L'amour,
68%
Marine
68%
beau
67%
d'amant
67%
fesses
67%
Même
67%
même
67%
Risibles
67%
risibles
67%
fort
66%
larmes
66%
si
66%
Si
66%
très
66%
sera
65%
tête
65%
claque
64%
dis
64%
est
64%
succéder
64%
tatouer
64%
tous
64%
qui
63%
Avoir
62%
avoir
62%
connu
62%
désir,
62%
efface
62%
était
62%
Il
62%
mec
62%
rêve
62%
amours,
61%
amours
61%
bel
61%
prête
61%
Toujours
61%
toujours
61%
chienne"
60%
"Ken,
60%
paume,
60%
rouler
60%
y
60%
Y
60%
investi,
59%
Une
59%
va
59%
avec
58%
déjà
58%
femme
58%
j'embrasse
58%
serait
58%
beuh
57%
d'être
57%
l'ai
57%
manque,
57%
n'étais
57%
jeu
56%
qu'est-ce
56%
"Qu'est-ce
56%
Suffit
56%
voyait
56%
manière
55%
peux
55%
toi
55%
cherché
54%
coucher
54%
m'ont
54%
part
54%
rêverais
54%
souffert
54%
t'as
54%
m'appelle
53%
m'appelle,
53%
risque
53%
vers
53%
mal
52%
m'avais
52%
peur,
52%
relations
52%
chez
51%
d'effort,
51%
détachée
51%
hôtel
51%
lassant
51%
paumés
51%
robe,
51%
transformé
51%
autre
50%
bague
50%
doigt
50%
nulle
50%
pulsion,
50%
connais
49%
début
49%
désillusion,
49%
mènent
49%
qu'une
49%
aime
48%
âme
48%
après
48%
désirs
48%
"Garde
48%
l'impression
48%
péril
48%
risques
48%
schéma :
48%
solution
48%
talons
48%
chercher
47%
fils
47%
l'illusion
47%
menottée
47%
mettre
47%
n'avoir
47%
pute
47%
séduction
47%
s'est
47%
Alors
46%
alors
46%
faisais
46%
l'ôter"
46%
mets
46%
Qu'elle
46%
tapé
46%
tard
46%
d'autres
45%
l'intention
45%
l'voulais
45%
appelé
44%
ex
44%
n'avais
44%
puéril
44%
"Viens
44%
disputes,
43%
l'avait
43%
quelques
43%
qu'on
43%
rappelé
43%
suis
43%
téléphone
43%
toutes
43%
coeur,
42%
nouveau
42%
cogné
41%
côtoie
41%
mecs
41%
vu
41%
débuts
40%
dur
40%
dur,
40%
façons
40%
flirts
40%
L'autre
40%
l'autre
40%
l'effleurer
40%
peloter"
40%
jour,
39%
phénomène
39%
plus
39%
sexe,
39%
anormal,
38%
décale
38%
mort
38%
baskets
37%
colère
37%
déconné
37%
dévastés
37%
faire
37%
l'âme
37%
venin,
37%
Monté
36%
rien
36%
parce
35%
trop
35%
Ah,
34%
donne
34%
mortelle
34%
Quant
34%
revu
34%
sérum
34%
aux
33%
belle."
33%
bonne !"
33%
dévient
33%
nouvelles
33%
déferlement
32%
genre
32%
attendent
31%
bu
31%
pied
31%
cocktails
30%
pensant
30%
qu'elles
30%
ressens
30%
démentes
29%
Dîner
29%
joints
29%
prendre
29%
presque
29%
tant
29%
Vogues
29%
chandelles,
28%
piège
28%
tende
27%
m'attend
26%
tel-hô
25%
car
24%
Car
24%
fins
24%
pense
24%
femmes
23%
Vous
23%
vous
23%
faut
21%
fois
21%
mystère
21%
vient
21%
faisait
20%
ratures ?
20%
nôtre,
19%
histoire
18%
vautre
18%
savent
17%
mille
16%
personnes
16%
vend
16%
voue
16%
vouvoie
16%
calée
15%
cœurs
15%
durer
15%
gâché
15%
m'aimer
15%
possibles
15%
pouvez
15%
première
15%
Cesseras-tu,
14%
endurer
14%
seules
14%
Ganja
13%
l'aurais
13%
nouent,
13%
perds,
13%
porte-jarretelle
13%
s'aventurer,
13%
besoin
12%
chaque
12%
D'où
12%
n'arrive
12%
pensées
12%
puis
12%
t'ai
12%
paire,
11%
cible,
10%
moi-même
10%
perchés
10%
prenez
10%
vouloir
10%
Aucune
8%
rencontré,
8%
différente
7%
compte,
6%
T'étais
6%
cacher ?
5%
Aucun quiz correspondant
Distribution des résultats
% des personnes avec chaque résultat
Percentile par nombre de réponses
Votre historique - résultats
Vous n’avez pas pris ce quiz depuis la dernière actualisation